| 000 | 00868cam a2200301 a 4500 | ||
|---|---|---|---|
| 001 | 397053 | ||
| 003 | ARRUPE | ||
| 005 | 20141212115229.0 | ||
| 008 | 851017s1985 mau b 001 0 eng | ||
| 010 | _a 85007229 | ||
| 020 | _a0262111098 | ||
| 035 | _a(OCoLC)11971134 | ||
| 035 | _a(OCoLC)ocm11971134 | ||
| 035 | _a(CStRLIN)NYCG85-B99175 | ||
| 035 | _a(NNC)397053 | ||
| 040 |
_dCStRLIN _cDCL |
||
| 050 | 0 |
_aGN365.9 _b.K58 1985 |
|
| 090 |
_aGN365.9 _b.K58 1985 |
||
| 100 | 1 |
_aKitcher, Philip, _d1947- _913413 |
|
| 245 | 1 | 0 |
_aVaulting ambition : _bsociobiology and the quest for human nature / _cPhilip Kitcher. |
| 260 |
_aCambridge, Mass. : _bMIT Press, _cc1985. |
||
| 300 |
_axi, 456 p. ; _c24 cm. |
||
| 500 | _aIncludes index. | ||
| 504 | _aBibliography: p. [439]-447. | ||
| 650 | 0 |
_aSociobiology. _9768 |
|
| 942 |
_2lcc _cMONOGRAPH |
||
| 999 |
_c121503 _d121503 |
||